=LDR 00000nam 2200000 4500 =001 INLIS000000000007246 =005 20130612095258 =008 ***********************************Ind** =035 ##$$0010-061300000007246 =041 ##$$a Ind =082 ##$$a 248 =090 ##$$a 248, Kas p =100 ##$$a Kas, Pankat =245 ##$$a Panduan seksi pewartaan paraki, Pankat Kas =260 ##$$a 1993 $b Yogyakarta =300 ##$$a 72 hlm, ilus, 21 cm =650 ##$$a Pelayanan-Kristiani